| 000 | 00529nam a2200157Ia 4500 | ||
|---|---|---|---|
| 008 | 151213s9999 xx 000 0 und d | ||
| 100 | _aনীলিমা ইব্রাহিম | ||
| 245 |
_aউপন্যাস সমগ্র _cনীলিমা ইব্রাহিম |
||
| 250 | _a১ম সং | ||
| 260 |
_aঢাকা _bফরিদ আহমেদ। _c2010 |
||
| 300 | _a8335 p. | ||
| 650 | _aBangla | ||
| 650 | _aউপন্যাস | ||
| 700 | _aনীলিমা ইব্রাহিম | ||
| 999 |
_c4177 _d4177 |
||